| 000 | 00608nam a2200229Ia 4500 | ||
|---|---|---|---|
| 005 | 20250425162844.0 | ||
| 008 | 250425s9999 xx 000 0 und d | ||
| 020 | _a9876074812459 | ||
| 041 | _aspa | ||
| 082 |
_a657.48 _pWAR |
||
| 100 | _aWarren, Carl S. | ||
| 245 | 0 |
_aContabilidad financiera _cCarl S. Warren |
|
| 250 | _a11a. ed. | ||
| 260 |
_aMéxico _bCENGAGE LEARNING _c2009 |
||
| 300 | _a815 paginas | ||
| 500 | _aContiene apéndices, índice | ||
| 650 | _aContabilidad financiera | ||
| 650 | _aSistemas contable | ||
| 902 |
_aBibliográfico _cImpreso |
||
| 942 | _c01 | ||
| 010 | _a114376 | ||
| 999 |
_c237825 _d237825 |
||